000 00993cam a2200289 i 4500
999 _c61375
_d61375
001 61375
003 Mx-PuUPA
005 20200903091845.0
008 140415s2013 mx a 000 0 spa d
020 _a9786079186296
040 _aMX-PuUPA
_bspa
_erda
_cMx-PuUPA
_dMx-PuUPA
041 0 _aspa
100 1 _aCervantes, Francisco,
_d1938-2005
_eautor
_96141
240 1 0 _aObras.
_pColección Literatura Portátil.
_lEspañol.
245 1 3 _aEl libro de Nicole /
_cFrancisco Cervantes.
250 _aSegunda edición
264 1 _aSantiago de Querétaro, México :
_bGobierno del Estado de Querétaro,
_bCalygramma,
_c2013
300 _a48 páginas ;
_c20 cm.
336 _atexto
_2rdacontent
_btxt
337 _asin medio
_2rdamedia
_bn
338 _avolumen
_2rdacarrier
_bnc
490 0 _aLetras de Querétaro ;
_v1 ;
_3Poesía
650 4 _aLiteratura mexicana
650 4 _aLiteratura
_zQuerétaro
942 _2ddc
_cLI
_h868.992108
_iL645